000 00341nam a22001337a 4500
020 _a978-81-291-3456-1
082 _a158
_bAPJ/A
100 _aABDUL KALAM,A.P.J
245 _aTHE VERY BEST OF ABDUL KALAM
_bTHE RIGHTEOUS LIFE
260 _aNEW DELHI
_bRUPA
300 _a226
650 _aSELECTED WRITINGS & LECTURES
_zNEW DELHI
942 _cBK
999 _c5527
_d5527